000 00328nam a2200133Ia 4500
008 220216s9999 xx 000 0 und d
100 _aPhilip S
245 0 _aCorynespora ila rogavum niyanthrana margangalum
260 _bRubber
_c2019
300 _a11-Jul
650 _aCorynespora
650 _aDisease control
942 _cJS
999 _c56418
_d56418